|
|
|
|
| LEADER |
00979cam a2200277 7i4500 |
| 001 |
0000068123 |
| 005 |
20240723090000.0 |
| 020 |
|
|
|a 9781119252870 (hardback)
|
| 020 |
|
|
|a 9781119252955 (electronic book)
|
| 090 |
0 |
0 |
|a RC636
|b .M65 2020
|
| 245 |
0 |
0 |
|a Molecular hematology
|c edited by Drew Provan, John G. Gribben.
|
| 250 |
|
|
|a Fourth edition.
|
| 264 |
|
|
|a Hoboken, NJ:
|b Wiley-Blackwell,
|c 2020.
|
| 300 |
|
|
|a 1 online resource (xvi, 401 pages):
|b colour illustartions, text file, PDF.
|
| 336 |
|
|
|a text
|2 rdacontent
|
| 337 |
|
|
|a computer
|2 rdamedia
|
| 338 |
|
|
|a online resource
|2 rdacarrier
|
| 650 |
0 |
0 |
|a Molecular biology --
|x Methods
|
| 650 |
0 |
0 |
|a Hematologic diseases
|
| 655 |
0 |
0 |
|a Electronic books
|
| 700 |
1 |
|
|a Provan, Drew
|
| 700 |
1 |
|
|a Gribben, John
|
| 856 |
4 |
2 |
|u http://library.unisel.edu.my/web/guest/mylibrary
|
| 997 |
|
|
|a Health Sciences, Faculty
|
| 998 |
|
|
|a Medical Laboratory Technology, Diploma
|
| 999 |
|
|
|a EBO0012375
|b EBOOK
|c EBOOK
|e Electronic resources
|